00525nam a2200169 450000500170000001000150001702000260003203500140005803700130007208200110008510000180009624500760011426000280019027000790021830000240029750000340032120190509112345.0 aENG-125148 a9788171921539c799.00 aEN-108680 bDBAD/PUB a801.95 aGupta, Ashish aA critical inquisition of the novels of Aravind adiga/cby Ashish Gupta aNagpurbDattasonsc2018 aJawaharlal Nehru MargbSadar, Nagpure440001mdattsonspublishers@gmail.com axii,145p.c23cm(Hb) aIncludes references and index